El otro México : biografía de Baja California /

Guardado en:
Detalles Bibliográficos
Autor principal: Jordán, Fernando (autor)
Otros autores: Amao, Jorge (presentación) (presentación)
Formato: Libro
Idioma:Español
Publicado: La Paz, México : Gobierno del Estado de Baja California Sur, 1989, c1980
Etiquetas: Agrega una etiqueta
Sin etiquetas, Sé el primero en etiquetar este registro!

MARC

LEADER 00000nam^a2200000^a^4500
001 000569824
005 20250521000000.0
009 20260310132217.151
037 |a Acervo ITESO - Biblioteca 
041 |a ESP 
091 |a FGM. 03914 
100 |a Jordán, Fernando  |e (autor) 
245 1 3 |a El otro México :  |b biografía de Baja California / 
264 4 |a La Paz, México :  |b Gobierno del Estado de Baja California Sur,  |c 1989, c1980 
300 |a 268 p. 
336 |a texto  |b txt  |2 rdacontenido 
337 |a sin mediación  |b n  |2 rdamedio 
338 |a volumen  |b nc  |2 rdasoporte 
649 |a XX 
700 |a Amao, Jorge  |e (presentación) 
910 |a Fondo Efraín González Morfín 
920 |a Impresos - Libros 
930 |a Fondos Especiales 
905 |a 130 
901 |a 0500392765  |b IT2  |c ESL  |i D90636  |u 20250521 
902 |a https://opac.biblio.iteso.mx/vufind/Record/000569824